000 01174cam a2200313 i 4500
002 112051
005 20230410143451.0
008 130808b2008 fr a 000 0 fre
020 _a9782296055995
041 0 _afre
049 _aGRAL
001 14aGN 564bQ3 2008
245 0 0 _aQuels modeles pour la Caraibe? :
_bactes du colloque international de Schoelcher, Martinique, 11 et 12 avril 2006 /
_cSous la codirection de Lionel Davidas et Christian Lerat
260 _aParis :
_bL'Harmattan,
_c2008
300 _a402 p. :
_bill. ;
_c24 cm.
504 _aIncluye índice
650 0 _aEthnicity
_zCaribbean Area
_vCongresses.
651 0 _aCaribbean Area
_xRace relations
_vCongresses.
651 0 _aCaribbean Area
_xEthnic relations
_vCongresses.
651 0 _aCaribbean Area
_xEconomic conditions
_vCongresses.
651 0 _aCaribbean Area
_xHistory
_vCongresses.
650 4 _aEtnicidad
_zCaribe (Región)
_vCongresos, etc
651 4 _aCaribe (Región)
_xCondiciones económicas
_vCongresos, etc
651 4 _aCaribe (Región)
_xRelaciones raciales
_vCongresos, etc.
700 1 _aDavidas, Lionel
700 1 _aLerat, Christian
942 _2lcc
_cbk
946 _aYSL
999 _c102259
_d102259